|
|
|
|
| LEADER |
00000nab a2200000 a 4500 |
| 001 |
vtls000480261 |
| 003 |
SK-MaSNL |
| 005 |
20260304210250.0 |
| 008 |
160216c1993 xo 0 slo |
| 015 |
|
|
|a SNBRB19rr/mm-uuuuu
|
| 035 |
|
|
|a CL0480396
|
| 040 |
|
|
|a SNKBUCL
|b slo
|c SNKBUCL
|e AACR2
|
| 041 |
0 |
|
|a slo
|
| 044 |
|
|
|a xo
|c SK
|
| 080 |
|
|
|a 262.13-051
|2 1981
|
| 080 |
|
|
|a 929 Bucko, Vojtech
|2 1981
|
| 100 |
1 |
|
|a Ďurica, Milan S.,
|d 1925-2024
|4 aut
|9 93495
|
| 245 |
1 |
0 |
|a Pápežský prelát Mons. Vojtech Bucko na večnosti
|c Milan Stanislav Ďurica
|
| 300 |
|
|
|b Obr. 1
|
| 600 |
1 |
7 |
|a Bucko, Vojtech,
|d 1911-1993
|2 snkbucl
|9 38598
|
| 655 |
|
7 |
|a články z novín a časopisov
|2 snkbucl
|9 267496
|
| 773 |
0 |
|
|t Katolícke noviny
|g Roč. 108, č. 11 (1993), s. 5
|
| 850 |
|
|
|a Slovenská národná knižnica v Martine
|a MTA001
|
| 852 |
|
|
|a SNK
|b KIS3GCP
|
| 958 |
|
|
|a BX
|
| 958 |
|
|
|a RK
|
| 992 |
|
|
|a RBX
|
| 999 |
|
|
|c 3125321
|d 3127251
|